[Event "ODJM B 2025"]
[Site "Willingen GER"]
[Date "2025.06.14"]
[Round "9"]
[White "Lesser, Luan"]
[Black "Stepanjan, Tatevik Mia"]
[Result "1-0"]
[Termination "normal"]
[Board "31"]
[WhiteElo "1790"]
[BlackElo "1604"]
[WhiteClock "00:25:10"]
[BlackClock "00:00:36"]
[PlyCount "81"]
[WhiteFideId "34640150"]
[BlackFideId "16246128"]
[EventCountry "GER"]
[EventRounds "9"]
[EventType "swiss"]
[EventDate "2025.06.07"]

1. e4 {[%clk 01:30:59]} {[%emt 19:58:24]} c5 {[%clk 01:30:55]} {[%emt
00:00:06]} 2. b4 {[%clk 01:31:26]} {[%emt 00:00:04]} cxb4 {[%clk 01:31:16]}
{[%emt 00:00:09]} 3. a3 {[%clk 01:31:53]} {[%emt 00:00:02]} d5 {[%clk
01:31:38]} {[%emt 00:00:08]} 4. e5 {[%clk 01:32:16]} {[%emt 00:00:07]} Nc6
{[%clk 01:31:45]} {[%emt 00:00:23]} 5. d4 {[%clk 01:32:38]} {[%emt 00:00:08]}
Qb6 {[%clk 01:31:29]} {[%emt 00:00:45]} 6. Nf3 {[%clk 01:32:37]} {[%emt
00:00:31]} Bg4 {[%clk 01:31:11]} {[%emt 00:00:49]} 7. Be3 {[%clk 01:31:07]}
{[%emt 00:02:00]} e6 {[%clk 01:30:43]} {[%emt 00:00:58]} 8. axb4 {[%clk
01:27:04]} {[%emt 00:04:34]} Bxb4+ {[%clk 01:15:26]} {[%emt 00:15:46]} 9. c3
{[%clk 01:27:26]} {[%emt 00:00:09]} Ba5 {[%clk 01:13:46]} {[%emt 00:02:09]} 10.
Bd3 {[%clk 01:27:33]} {[%emt 00:00:22]} Nge7 {[%clk 00:56:56]} {[%emt
00:17:20]} 11. O-O {[%clk 01:27:25]} {[%emt 00:00:39]} Qc7 {[%clk 00:47:16]}
{[%emt 00:10:10]} 12. h3 {[%clk 01:22:49]} {[%emt 00:05:05]} Bf5 {[%clk
00:44:15]} {[%emt 00:03:31]} 13. g4 {[%clk 01:19:25]} {[%emt 00:03:54]} Bxd3
{[%clk 00:34:37]} {[%emt 00:10:09]} 14. Qxd3 {[%clk 01:19:49]} {[%emt
00:00:06]} h6 {[%clk 00:33:49]} {[%emt 00:01:18]} 15. Nbd2 {[%clk 01:18:02]}
{[%emt 00:02:16]} Rc8 {[%clk 00:23:11]} {[%emt 00:11:08]} 16. Nb3 {[%clk
01:13:37]} {[%emt 00:04:56]} Bb6 {[%clk 00:17:43]} {[%emt 00:05:58]} 17. Kg2
{[%clk 01:11:47]} {[%emt 00:02:20]} a6 {[%clk 00:13:24]} {[%emt 00:04:50]} 18.
Nc1 {[%clk 01:09:30]} {[%emt 00:02:46]} Na5 {[%clk 00:13:04]} {[%emt 00:00:50]}
19. Ne2 {[%clk 01:09:01]} {[%emt 00:00:58]} Nc4 {[%clk 00:12:55]} {[%emt
00:00:40]} 20. Nd2 {[%clk 01:05:10]} {[%emt 00:04:21]} Qc6 {[%clk 00:10:00]}
{[%emt 00:03:24]} 21. f4 {[%clk 00:59:12]} {[%emt 00:06:28]} g6 {[%clk
00:06:19]} {[%emt 00:04:11]} 22. Bf2 {[%clk 00:57:05]} {[%emt 00:02:36]} Nb2
{[%clk 00:04:54]} {[%emt 00:01:56]} 23. Qc2 {[%clk 00:57:10]} {[%emt 00:00:23]}
Nc4 {[%clk 00:04:44]} {[%emt 00:00:44]} 24. Nxc4 {[%clk 00:55:33]} {[%emt
00:02:06]} dxc4+ {[%clk 00:04:51]} {[%emt 00:00:23]} 25. Kh2 {[%clk 00:50:18]}
{[%emt 00:05:43]} Nd5 {[%clk 00:02:58]} {[%emt 00:02:25]} 26. Qe4 {[%clk
00:40:00]} {[%emt 00:10:47]} Ne7 {[%clk 00:01:52]} {[%emt 00:01:36]} 27. Ng3
{[%clk 00:39:11]} {[%emt 00:01:18]} Qxe4 {[%clk 00:02:02]} {[%emt 00:00:22]}
28. Nxe4 {[%clk 00:39:38]} {[%emt 00:00:02]} Bc7 {[%clk 00:01:43]} {[%emt
00:00:50]} 29. Rfb1 {[%clk 00:37:31]} {[%emt 00:02:37]} Rb8 {[%clk 00:01:16]}
{[%emt 00:00:57]} 30. Nc5 {[%clk 00:37:17]} {[%emt 00:00:44]} h5 {[%clk
00:00:50]} {[%emt 00:00:57]} 31. Kg3 {[%clk 00:36:42]} {[%emt 00:01:04]} hxg4
{[%clk 00:00:53]} {[%emt 00:00:27]} 32. hxg4 {[%clk 00:37:06]} {[%emt
00:00:06]} Nc6 {[%clk 00:00:55]} {[%emt 00:00:27]} 33. Rxb7 {[%clk 00:36:07]}
{[%emt 00:01:30]} Rxb7 {[%clk 00:01:22]} {[%emt 00:00:03]} 34. Nxb7 {[%clk
00:36:29]} {[%emt 00:00:07]} Nb8 {[%clk 00:01:35]} {[%emt 00:00:18]} 35. Kg2
{[%clk 00:36:04]} {[%emt 00:00:55]} Ke7 {[%clk 00:01:34]} {[%emt 00:00:30]} 36.
Ra4 {[%clk 00:35:29]} {[%emt 00:01:06]} Rc8 {[%clk 00:00:49]} {[%emt 00:01:15]}
37. Rxc4 {[%clk 00:35:23]} {[%emt 00:00:34]} Kd7 {[%clk 00:00:45]} {[%emt
00:00:36]} 38. Kf3 {[%clk 00:26:22]} {[%emt 00:09:31]} Ke7 {[%clk 00:00:38]}
{[%emt 00:00:37]} 39. Nd6 {[%clk 00:24:42]} {[%emt 00:02:09]} Bxd6 {[%clk
00:00:36]} {[%emt 00:00:32]} 40. Rxc8 {[%clk 00:25:10]} {[%emt 00:00:03]} Bxe5
{[%clk 00:00:36]} {[%emt 00:00:30]} 41. dxe5 {[%clk 00:25:10]} {[%emt
00:00:30]} 1-0

[Event "ODJM B 2025"]
[Site "Willingen GER"]
[Date "2025.06.14"]
[Round "9"]
[White "Rotärmel, Leonie"]
[Black "Kutz, Paul Matti"]
[Result "1/2-1/2"]
[Termination "normal"]
[Board "32"]
[WhiteElo "1699"]
[BlackElo "1838"]
[WhiteClock "00:05:05"]
[BlackClock "00:01:48"]
[PlyCount "61"]
[WhiteFideId "16281390"]
[BlackFideId "16296265"]
[EventCountry "GER"]
[EventRounds "9"]
[EventType "swiss"]
[EventDate "2025.06.07"]

1. e4 {[%clk 01:30:57]} {[%emt 00:00:01]} e5 {[%clk 01:30:32]} {[%emt
00:00:29]} 2. Nf3 {[%clk 01:31:22]} {[%emt 00:00:05]} Nc6 {[%clk 01:30:58]}
{[%emt 00:00:05]} 3. Bc4 {[%clk 01:31:47]} {[%emt 00:00:04]} Bc5 {[%clk
01:31:20]} {[%emt 00:00:08]} 4. d3 {[%clk 01:32:12]} {[%emt 00:00:05]} h6
{[%clk 01:30:43]} {[%emt 00:01:07]} 5. Nbd2 {[%clk 01:30:49]} {[%emt 00:01:53]}
Nf6 {[%clk 01:30:47]} {[%emt 00:00:27]} 6. h3 {[%clk 01:30:23]} {[%emt
00:00:56]} a6 {[%clk 01:30:12]} {[%emt 00:01:05]} 7. a4 {[%clk 01:30:30]}
{[%emt 00:00:22]} d6 {[%clk 01:30:02]} {[%emt 00:00:40]} 8. Nb3 {[%clk
01:21:13]} {[%emt 00:09:47]} Ba7 {[%clk 01:27:38]} {[%emt 00:02:54]} 9. Qe2
{[%clk 01:04:53]} {[%emt 00:16:50]} Bd7 {[%clk 01:24:02]} {[%emt 00:04:06]} 10.
c3 {[%clk 00:58:56]} {[%emt 00:06:27]} Qb8 {[%clk 01:17:23]} {[%emt 00:07:08]}
11. Be3 {[%clk 00:53:53]} {[%emt 00:05:34]} b5 {[%clk 01:15:08]} {[%emt
00:02:45]} 12. axb5 {[%clk 00:54:00]} {[%emt 00:00:23]} axb5 {[%clk 01:15:24]}
{[%emt 00:00:14]} 13. Bd5 {[%clk 00:54:14]} {[%emt 00:00:15]} Bxe3 {[%clk
01:09:27]} {[%emt 00:06:28]} 14. fxe3 {[%clk 00:52:13]} {[%emt 00:02:31]} Rxa1+
{[%clk 01:07:55]} {[%emt 00:02:02]} 15. Nxa1 {[%clk 00:52:34]} {[%emt
00:00:09]} Ne7 {[%clk 01:07:32]} {[%emt 00:00:53]} 16. Bb3 {[%clk 00:52:03]}
{[%emt 00:01:01]} b4 {[%clk 01:00:39]} {[%emt 00:07:23]} 17. O-O {[%clk
00:51:06]} {[%emt 00:01:27]} c5 {[%clk 00:56:37]} {[%emt 00:04:32]} 18. Nd2
{[%clk 00:41:12]} {[%emt 00:10:23]} O-O {[%clk 00:42:16]} {[%emt 00:14:52]} 19.
Qf3 {[%clk 00:27:53]} {[%emt 00:13:49]} bxc3 {[%clk 00:20:36]} {[%emt
00:22:10]} 20. bxc3 {[%clk 00:27:31]} {[%emt 00:00:51]} Bb5 {[%clk 00:14:58]}
{[%emt 00:06:09]} 21. Bc4 {[%clk 00:13:31]} {[%emt 00:14:31]} Bxc4 {[%clk
00:06:10]} {[%emt 00:09:17]} 22. Nxc4 {[%clk 00:13:49]} {[%emt 00:00:11]} d5
{[%clk 00:06:32]} {[%emt 00:00:09]} 23. exd5 {[%clk 00:12:51]} {[%emt
00:01:27]} Nfxd5 {[%clk 00:03:29]} {[%emt 00:03:33]} 24. Rc1 {[%clk 00:11:13]}
{[%emt 00:02:09]} Rd8 {[%clk 00:01:57]} {[%emt 00:02:01]} 25. Qe4 {[%clk
00:08:21]} {[%emt 00:03:22]} Nxc3 {[%clk 00:01:39]} {[%emt 00:00:49]} 26. Rxc3
{[%clk 00:08:30]} {[%emt 00:00:20]} Qb1+ {[%clk 00:02:06]} {[%emt 00:00:04]}
27. Kh2 {[%clk 00:08:43]} {[%emt 00:00:17]} Qxa1 {[%clk 00:02:28]} {[%emt
00:00:08]} 28. Ra3 {[%clk 00:08:27]} {[%emt 00:00:46]} Qb1 {[%clk 00:01:10]}
{[%emt 00:01:47]} 29. Qxe5 {[%clk 00:06:53]} {[%emt 00:02:05]} Qb8 {[%clk
00:01:22]} {[%emt 00:00:18]} 30. Qxb8 {[%clk 00:05:30]} {[%emt 00:01:53]} Rxb8
{[%clk 00:01:48]} {[%emt 00:00:05]} 31. Ra5 {[%clk 00:05:05]} {[%emt 00:00:54]}
1/2-1/2

[Event "ODJM B 2025"]
[Site "Willingen GER"]
[Date "2025.06.14"]
[Round "9"]
[White "Özkurt, Kaan"]
[Black "Fize, Aleksandrs"]
[Result "1-0"]
[Termination "normal"]
[Board "33"]
[WhiteElo "1779"]
[BlackElo "1712"]
[WhiteClock "00:34:13"]
[BlackClock "00:46:16"]
[PlyCount "53"]
[WhiteFideId "34655182"]
[BlackFideId "34623779"]
[EventCountry "GER"]
[EventRounds "9"]
[EventType "swiss"]
[EventDate "2025.06.07"]

1. e4 {[%clk 01:30:59]} c5 {[%clk 01:30:56]} {[%emt 00:00:05]} 2. c3 {[%clk
01:31:24]} {[%emt 00:00:04]} e6 {[%clk 01:31:20]} {[%emt 00:00:06]} 3. d4
{[%clk 01:31:49]} {[%emt 00:00:06]} d5 {[%clk 01:31:42]} {[%emt 00:00:08]} 4.
e5 {[%clk 01:32:01]} {[%emt 00:00:17]} Nc6 {[%clk 01:31:15]} {[%emt 00:00:57]}
5. Nf3 {[%clk 01:31:20]} {[%emt 00:01:11]} Nge7 {[%clk 01:30:34]} {[%emt
00:01:11]} 6. Bd3 {[%clk 01:26:30]} {[%emt 00:05:20]} Ng6 {[%clk 01:28:32]}
{[%emt 00:02:32]} 7. O-O {[%clk 01:25:34]} {[%emt 00:01:27]} Be7 {[%clk
01:28:51]} {[%emt 00:00:11]} 8. Re1 {[%clk 01:25:11]} {[%emt 00:00:52]} Bd7
{[%clk 01:28:26]} {[%emt 00:00:56]} 9. Nbd2 {[%clk 01:19:22]} {[%emt 00:06:19]}
Qb6 {[%clk 01:26:58]} {[%emt 00:01:58]} 10. Nf1 {[%clk 01:19:31]} {[%emt
00:00:20]} Rc8 {[%clk 01:23:56]} {[%emt 00:03:32]} 11. Bb1 {[%clk 01:17:27]}
{[%emt 00:02:35]} cxd4 {[%clk 01:05:24]} {[%emt 00:19:01]} 12. cxd4 {[%clk
01:17:52]} {[%emt 00:00:05]} Bb4 {[%clk 01:05:40]} {[%emt 00:00:15]} 13. Re2
{[%clk 01:04:54]} {[%emt 00:13:28]} Nxd4 {[%clk 01:03:58]} {[%emt 00:02:11]}
14. Nxd4 {[%clk 01:04:03]} {[%emt 00:01:22]} Rxc1 {[%clk 01:04:19]} {[%emt
00:00:08]} 15. Qxc1 {[%clk 01:03:59]} {[%emt 00:00:35]} Qxd4 {[%clk 01:04:43]}
{[%emt 00:00:06]} 16. Bxg6 {[%clk 01:03:13]} {[%emt 00:01:15]} hxg6 {[%clk
01:04:54]} {[%emt 00:00:19]} 17. Qc7 {[%clk 01:03:33]} {[%emt 00:00:11]} Be7
{[%clk 01:04:47]} {[%emt 00:00:37]} 18. Qxb7 {[%clk 01:02:25]} {[%emt
00:01:38]} Qc5 {[%clk 01:02:40]} {[%emt 00:02:36]} 19. Ne3 {[%clk 00:54:48]}
{[%emt 00:08:07]} d4 {[%clk 01:01:38]} {[%emt 00:01:33]} 20. Rc2 {[%clk
00:53:39]} {[%emt 00:01:38]} Qxe5 {[%clk 01:01:54]} {[%emt 00:00:14]} 21. Nf1
{[%clk 00:48:11]} {[%emt 00:05:59]} Bd8 {[%clk 00:56:18]} {[%emt 00:06:06]} 22.
Qxa7 {[%clk 00:38:49]} {[%emt 00:09:52]} Qe4 {[%clk 00:53:51]} {[%emt
00:02:56]} 23. Rd2 {[%clk 00:37:59]} {[%emt 00:01:20]} Bc6 {[%clk 00:52:14]}
{[%emt 00:02:07]} 24. f3 {[%clk 00:38:10]} {[%emt 00:00:19]} Qf5 {[%clk
00:51:20]} {[%emt 00:01:24]} 25. Qxd4 {[%clk 00:36:22]} {[%emt 00:02:18]} Be7
{[%clk 00:49:43]} {[%emt 00:02:07]} 26. Rc1 {[%clk 00:34:06]} {[%emt 00:02:46]}
Bb5 {[%clk 00:46:16]} {[%emt 00:03:54]} 27. Rc8+ {[%clk 00:34:13]} {[%emt
00:00:26]} 1-0

[Event "ODJM B 2025"]
[Site "Willingen GER"]
[Date "2025.06.14"]
[Round "9"]
[White "Gutsche, Jan-Frederic"]
[Black "Hesse, Frederik"]
[Result "1/2-1/2"]
[Termination "normal"]
[Board "34"]
[WhiteElo "1742"]
[BlackElo "1663"]
[WhiteClock "00:06:15"]
[BlackClock "00:59:28"]
[PlyCount "83"]
[WhiteFideId "34683631"]
[BlackFideId "34600094"]
[EventCountry "GER"]
[EventRounds "9"]
[EventType "swiss"]
[EventDate "2025.06.07"]

1. e4 {[%clk 01:30:59]} {[%emt 00:00:01]} c6 {[%clk 01:30:54]} {[%emt
00:00:06]} 2. d4 {[%clk 01:31:01]} {[%emt 00:00:27]} d5 {[%clk 01:31:16]}
{[%emt 00:00:09]} 3. exd5 {[%clk 01:31:27]} {[%emt 00:00:04]} cxd5 {[%clk
01:31:39]} {[%emt 00:00:06]} 4. Bd3 {[%clk 01:31:49]} {[%emt 00:00:09]} Nc6
{[%clk 01:32:01]} {[%emt 00:00:08]} 5. c3 {[%clk 01:32:13]} {[%emt 00:00:06]}
Nf6 {[%clk 01:31:43]} {[%emt 00:00:47]} 6. h3 {[%clk 01:31:07]} {[%emt
00:01:36]} e5 {[%clk 01:31:14]} {[%emt 00:00:59]} 7. dxe5 {[%clk 01:31:30]}
{[%emt 00:00:08]} Nxe5 {[%clk 01:31:39]} {[%emt 00:00:05]} 8. Bc2 {[%clk
01:30:54]} {[%emt 00:01:06]} Bc5 {[%clk 01:30:54]} {[%emt 00:01:15]} 9. Ne2
{[%clk 01:26:46]} {[%emt 00:04:38]} O-O {[%clk 01:29:53]} {[%emt 00:01:30]} 10.
O-O {[%clk 01:19:47]} {[%emt 00:07:29]} a5 {[%clk 01:19:44]} {[%emt 00:10:39]}
11. Nd4 {[%clk 01:05:15]} {[%emt 00:15:02]} Ne4 {[%clk 01:15:24]} {[%emt
00:04:51]} 12. Nd2 {[%clk 00:56:41]} {[%emt 00:09:04]} Nxd2 {[%clk 01:09:32]}
{[%emt 00:06:22]} 13. Qxd2 {[%clk 00:47:21]} {[%emt 00:09:50]} Be6 {[%clk
00:58:20]} {[%emt 00:11:42]} 14. Re1 {[%clk 00:35:54]} {[%emt 00:11:57]} Qf6
{[%clk 00:50:32]} {[%emt 00:08:19]} 15. Qg5 {[%clk 00:25:04]} {[%emt 00:11:19]}
Qxg5 {[%clk 00:50:16]} {[%emt 00:00:46]} 16. Bxg5 {[%clk 00:25:32]} {[%emt
00:00:03]} Bxd4 {[%clk 00:50:30]} {[%emt 00:00:16]} 17. cxd4 {[%clk 00:25:40]}
{[%emt 00:00:21]} Nc6 {[%clk 00:50:54]} {[%emt 00:00:06]} 18. Red1 {[%clk
00:21:23]} {[%emt 00:04:47]} Nb4 {[%clk 00:50:38]} {[%emt 00:00:46]} 19. Ba4
{[%clk 00:21:39]} {[%emt 00:00:14]} Rfc8 {[%clk 00:48:55]} {[%emt 00:02:13]}
20. Be7 {[%clk 00:15:02]} {[%emt 00:07:08]} Nc6 {[%clk 00:45:05]} {[%emt
00:04:20]} 21. Bc5 {[%clk 00:12:37]} {[%emt 00:02:54]} Rab8 {[%clk 00:40:34]}
{[%emt 00:05:02]} 22. Bb6 {[%clk 00:08:55]} {[%emt 00:04:11]} Ra8 {[%clk
00:40:26]} {[%emt 00:00:39]} 23. Bb5 {[%clk 00:06:48]} {[%emt 00:02:37]} Na7
{[%clk 00:36:33]} {[%emt 00:04:23]} 24. Bxa7 {[%clk 00:06:15]} {[%emt
00:01:02]} Rxa7 {[%clk 00:36:56]} {[%emt 00:00:07]} 25. Rac1 {[%clk 00:02:28]}
{[%emt 00:04:17]} Raa8 {[%clk 00:36:43]} {[%emt 00:00:43]} 26. a4 {[%clk
00:01:43]} {[%emt 00:01:15]} g6 {[%clk 00:36:27]} {[%emt 00:00:47]} 27. Kf1
{[%clk 00:00:54]} {[%emt 00:01:19]} Kg7 {[%clk 00:36:45]} {[%emt 00:00:12]} 28.
Ke2 {[%clk 00:00:50]} {[%emt 00:00:32]} Kf6 {[%emt 00:00:53]} 29. Rc3 {[%clk
00:00:41]} Rxc3 {[%clk 00:37:21]} {[%emt 00:00:11]} 30. bxc3 {[%clk 00:01:10]}
{[%emt 00:00:01]} Rc8 {[%clk 00:37:49]} {[%emt 00:00:02]} 31. Rc1 {[%clk
00:01:31]} {[%emt 00:00:10]} h5 {[%clk 00:38:09]} {[%emt 00:00:10]} 32. Ke3
{[%clk 00:01:01]} {[%emt 00:00:59]} g5 {[%clk 00:37:50]} {[%emt 00:00:49]} 33.
f3 {[%clk 00:00:41]} {[%emt 00:00:50]} Ke7 {[%clk 00:37:08]} {[%emt 00:01:12]}
34. Kd2 {[%clk 00:00:32]} {[%emt 00:00:39]} f5 {[%clk 00:37:07]} {[%emt
00:00:31]} 35. Ke3 {[%clk 00:00:35]} {[%emt 00:00:27]} Kd6 {[%clk 00:37:13]}
{[%emt 00:00:25]} 36. Kd3 {[%clk 00:00:38]} {[%emt 00:00:27]} g4 {[%clk
00:36:41]} {[%emt 00:01:00]} 37. hxg4 {[%clk 00:00:38]} {[%emt 00:00:31]} fxg4
{[%clk 00:36:52]} {[%emt 00:00:19]} 38. fxg4 {[%clk 00:00:39]} {[%emt
00:00:29]} hxg4 {[%clk 00:35:39]} {[%emt 00:01:43]} 39. c4 {[%clk 00:00:35]}
{[%emt 00:00:34]} dxc4+ {[%clk 00:34:27]} {[%emt 00:01:42]} 40. Bxc4 {[%clk
00:00:35]} {[%emt 00:00:31]} Bd5 {[%clk 00:33:24]} {[%emt 00:01:33]} 41. Rc2
{[%clk 00:18:45]} {[%emt 00:12:19]} Bc6 {[%clk 00:59:28]} {[%emt 00:04:26]} 42.
Ra2 {[%clk 00:06:15]} {[%emt 00:13:00]} 1/2-1/2

[Event "ODJM B 2025"]
[Site "Willingen GER"]
[Date "2025.06.14"]
[Round "9"]
[White "Klemm, Julian"]
[Black "Jakob, Lucas"]
[Result "1-0"]
[Termination "normal"]
[Board "35"]
[WhiteElo "1540"]
[BlackElo "1687"]
[WhiteClock "00:12:14"]
[BlackClock "00:28:04"]
[PlyCount "65"]
[WhiteFideId "533001901"]
[BlackFideId "34687181"]
[EventCountry "GER"]
[EventRounds "9"]
[EventType "swiss"]
[EventDate "2025.06.07"]

1. e4 {[%clk 01:30:49]} {[%emt 00:00:09]} c5 {[%clk 01:30:55]} {[%emt
00:00:06]} 2. Nf3 {[%clk 01:31:03]} {[%emt 00:00:16]} d6 {[%clk 01:31:19]}
{[%emt 00:00:07]} 3. d4 {[%clk 01:31:21]} {[%emt 00:00:11]} cxd4 {[%clk
01:31:44]} {[%emt 00:00:05]} 4. Nxd4 {[%clk 01:31:38]} {[%emt 00:00:13]} Nf6
{[%clk 01:32:06]} {[%emt 00:00:08]} 5. Nc3 {[%clk 01:31:54]} {[%emt 00:00:14]}
g6 {[%clk 01:32:30]} {[%emt 00:00:06]} 6. Be3 {[%clk 01:32:15]} {[%emt
00:00:10]} Bg7 {[%clk 01:32:52]} {[%emt 00:00:07]} 7. f3 {[%clk 01:32:33]}
{[%emt 00:00:12]} O-O {[%clk 01:33:06]} {[%emt 00:00:17]} 8. Qd2 {[%clk
01:32:53]} {[%emt 00:00:09]} Nc6 {[%clk 01:33:19]} {[%emt 00:00:17]} 9. g4
{[%clk 01:33:06]} {[%emt 00:00:17]} Be6 {[%clk 01:33:18]} {[%emt 00:00:30]} 10.
Nxe6 {[%clk 01:32:58]} {[%emt 00:00:39]} fxe6 {[%clk 01:33:37]} {[%emt
00:00:10]} 11. O-O-O {[%clk 01:33:13]} {[%emt 00:00:16]} Nd7 {[%clk 01:31:08]}
{[%emt 00:02:59]} 12. Be2 {[%clk 01:32:41]} {[%emt 00:01:02]} Qa5 {[%clk
01:24:22]} {[%emt 00:07:17]} 13. h4 {[%clk 01:07:38]} {[%emt 00:25:32]} Nde5
{[%clk 01:20:07]} {[%emt 00:04:45]} 14. f4 {[%clk 01:04:41]} {[%emt 00:03:27]}
Nd7 {[%clk 01:20:20]} {[%emt 00:00:16]} 15. h5 {[%clk 01:04:08]} {[%emt
00:01:05]} Rfc8 {[%clk 01:17:58]} {[%emt 00:02:52]} 16. Bc4 {[%clk 00:41:16]}
{[%emt 00:23:22]} Nd8 {[%clk 00:58:23]} {[%emt 00:20:04]} 17. Qd3 {[%clk
00:32:29]} {[%emt 00:09:18]} Qb4 {[%clk 00:40:04]} {[%emt 00:18:49]} 18. Bb3
{[%clk 00:26:04]} {[%emt 00:06:54]} Rxc3 {[%clk 00:37:50]} {[%emt 00:02:42]}
19. bxc3 {[%clk 00:26:21]} {[%emt 00:00:15]} Bxc3 {[%clk 00:38:05]} {[%emt
00:00:15]} 20. Rdg1 {[%clk 00:26:34]} {[%emt 00:00:17]} Nc5 {[%clk 00:35:43]}
{[%emt 00:02:52]} 21. Bxc5 {[%clk 00:26:15]} {[%emt 00:00:50]} Qxc5 {[%clk
00:36:02]} {[%emt 00:00:10]} 22. hxg6 {[%clk 00:25:23]} {[%emt 00:01:22]} Rc8
{[%clk 00:35:26]} {[%emt 00:01:06]} 23. gxh7+ {[%clk 00:22:56]} {[%emt
00:02:58]} Kh8 {[%clk 00:35:32]} {[%emt 00:00:23]} 24. e5 {[%clk 00:23:00]}
{[%emt 00:00:27]} Nf7 {[%clk 00:30:44]} {[%emt 00:05:17]} 25. g5 {[%clk
00:16:16]} {[%emt 00:07:15]} dxe5 {[%clk 00:29:46]} {[%emt 00:01:27]} 26. g6
{[%clk 00:16:00]} {[%emt 00:00:46]} exf4 {[%clk 00:29:27]} {[%emt 00:00:49]}
27. gxf7 {[%clk 00:15:53]} {[%emt 00:00:37]} Bg7 {[%clk 00:28:16]} {[%emt
00:01:41]} 28. Rxg7 {[%clk 00:13:17]} {[%emt 00:03:07]} Kxg7 {[%clk 00:27:51]}
{[%emt 00:00:55]} 29. h8=Q+ {[%clk 00:12:37]} {[%emt 00:01:09]} Rxh8 {[%clk
00:28:06]} {[%emt 00:00:15]} 30. Rxh8 {[%clk 00:12:06]} {[%emt 00:01:03]} Qg1+
{[%clk 00:28:08]} {[%emt 00:00:27]} 31. Kb2 {[%clk 00:12:20]} {[%emt 00:00:15]}
Kxf7 {[%clk 00:28:05]} {[%emt 00:00:34]} 32. Qf5+ {[%clk 00:11:54]} {[%emt
00:00:56]} Kg7 {[%clk 00:28:04]} {[%emt 00:00:31]} 33. Qf8+ {[%clk 00:12:14]}
{[%emt 00:00:09]} 1-0

[Event "ODJM B 2025"]
[Site "Willingen GER"]
[Date "2025.06.14"]
[Round "9"]
[White "Magezi, Noah"]
[Black "Ihle, Ben"]
[Result "1-0"]
[Termination "normal"]
[Board "37"]
[WhiteElo "1607"]
[BlackElo "1752"]
[WhiteClock "00:21:16"]
[BlackClock "00:38:18"]
[PlyCount "65"]
[WhiteFideId "34696113"]
[BlackFideId "533020566"]
[EventCountry "GER"]
[EventRounds "9"]
[EventType "swiss"]
[EventDate "2025.06.07"]

1. d4 {[%clk 01:30:57]} {[%emt 00:00:02]} d5 {[%clk 01:30:49]} {[%emt
00:00:12]} 2. c4 {[%clk 01:31:21]} {[%emt 00:00:05]} e6 {[%clk 01:31:16]}
{[%emt 00:00:04]} 3. Nc3 {[%clk 01:31:43]} {[%emt 00:00:06]} Nf6 {[%clk
01:31:42]} {[%emt 00:00:05]} 4. cxd5 {[%clk 01:32:03]} {[%emt 00:00:10]} exd5
{[%clk 01:32:06]} {[%emt 00:00:06]} 5. Bg5 {[%clk 01:32:26]} {[%emt 00:00:06]}
Be7 {[%clk 01:32:33]} {[%emt 00:00:04]} 6. e3 {[%clk 01:32:47]} {[%emt
00:00:09]} O-O {[%clk 01:32:59]} {[%emt 00:00:04]} 7. Bd3 {[%clk 01:33:05]}
{[%emt 00:00:12]} Re8 {[%clk 01:33:23]} {[%emt 00:00:06]} 8. Qc2 {[%clk
01:33:06]} {[%emt 00:00:28]} h6 {[%clk 01:33:49]} {[%emt 00:00:05]} 9. Bh4
{[%clk 01:32:48]} {[%emt 00:00:49]} c5 {[%clk 01:33:49]} {[%emt 00:00:29]} 10.
Bxf6 {[%clk 01:25:46]} {[%emt 00:07:32]} Bxf6 {[%clk 01:34:12]} {[%emt
00:00:07]} 11. dxc5 {[%clk 01:23:52]} {[%emt 00:02:24]} d4 {[%clk 01:31:05]}
{[%emt 00:03:38]} 12. O-O-O {[%clk 01:21:24]} {[%emt 00:02:57]} dxc3 {[%clk
01:30:48]} {[%emt 00:00:48]} 13. Bh7+ {[%clk 01:18:21]} {[%emt 00:03:33]} Kh8
{[%clk 01:31:14]} {[%emt 00:00:04]} 14. Rxd8 {[%clk 01:18:38]} {[%emt
00:00:13]} cxb2+ {[%clk 01:31:40]} {[%emt 00:00:04]} 15. Kb1 {[%clk 01:18:20]}
{[%emt 00:00:47]} Rxd8 {[%clk 01:32:06]} {[%emt 00:00:05]} 16. Nf3 {[%clk
01:08:04]} {[%emt 00:10:45]} g6 {[%clk 01:20:12]} {[%emt 00:12:23]} 17. Bxg6
{[%clk 01:08:00]} {[%emt 00:00:35]} fxg6 {[%clk 01:20:40]} {[%emt 00:00:02]}
18. Qxg6 {[%clk 01:08:14]} {[%emt 00:00:15]} Bg7 {[%clk 01:21:08]} {[%emt
00:00:02]} 19. Ne5 {[%clk 01:07:34]} {[%emt 00:01:11]} Bxe5 {[%clk 01:15:48]}
{[%emt 00:05:50]} 20. Qxh6+ {[%clk 01:07:47]} {[%emt 00:00:18]} Kg8 {[%clk
01:16:15]} {[%emt 00:00:02]} 21. Qg5+ {[%clk 01:07:40]} {[%emt 00:00:37]} Kf7
{[%clk 01:16:40]} {[%emt 00:00:04]} 22. Qxe5 {[%clk 01:07:25]} {[%emt
00:00:46]} Nc6 {[%clk 01:16:44]} {[%emt 00:00:26]} 23. Qh5+ {[%clk 01:00:29]}
{[%emt 00:07:27]} Ke7 {[%clk 01:10:49]} {[%emt 00:06:24]} 24. Qg5+ {[%clk
00:56:28]} {[%emt 00:04:31]} Kf7 {[%clk 01:10:47]} {[%emt 00:00:32]} 25. e4
{[%clk 00:52:41]} {[%emt 00:04:18]} Rd4 {[%clk 01:03:56]} {[%emt 00:07:21]} 26.
e5 {[%clk 00:47:31]} {[%emt 00:05:40]} Ke6 {[%clk 00:59:32]} {[%emt 00:04:51]}
27. Qf6+ {[%clk 00:44:29]} {[%emt 00:03:33]} Kd5 {[%clk 00:59:54]} {[%emt
00:00:07]} 28. e6 {[%clk 00:34:51]} {[%emt 00:10:10]} Bxe6 {[%clk 00:55:34]}
{[%emt 00:04:50]} 29. Kxb2 {[%clk 00:31:15]} {[%emt 00:04:06]} Ne5 {[%clk
00:50:57]} {[%emt 00:05:06]} 30. Re1 {[%clk 00:25:46]} {[%emt 00:06:01]} Rb4+
{[%clk 00:39:10]} {[%emt 00:12:17]} 31. Ka3 {[%clk 00:23:05]} {[%emt 00:03:10]}
Ra4+ {[%clk 00:37:53]} {[%emt 00:01:47]} 32. Kxa4 {[%clk 00:22:32]} {[%emt
00:01:03]} b5+ {[%clk 00:38:18]} {[%emt 00:00:05]} 33. Kb3 {[%clk 00:21:16]}
{[%emt 00:01:46]} 1-0